| 000 | 00995nam a2200313Ia 4500 | ||
|---|---|---|---|
| 003 | OSt | ||
| 005 | 20220912145141.0 | ||
| 006 | a|||||r|||| 00| 0 | ||
| 007 | ta | ||
| 008 | 220909b |||||||| |||| 00| 0 eng d | ||
| 020 | _a9781439810187 (hbd) | ||
| 024 | _a126164 | ||
| 037 | _b3724, 14/03/2011, New India Book Agency | ||
| 037 | _cTextual | ||
| 040 |
_aCSL _beng _cCSL |
||
| 041 | _aeng | ||
| 082 | _aD65,8(B),27, Q1 | ||
| 100 | _aTorgo Luis | ||
| 245 | 0 | _aData minning with R learning with case studies | |
| 260 |
_aBoca Raton _bCRC Pres _c2011 |
||
| 300 |
_axiv, 289p. _ccm. |
||
| 490 | _aChapman and Hall/CRC data mining and knowledge discovery series | ||
| 500 | _aBibliography 269-278p.; Index 279-289p. | ||
| 650 | _a R-Computer program language | ||
| 650 | _a R-Computer program language | ||
| 650 | _aComputer Science | ||
| 942 |
_hD65,8(B),27, Q1 _cTEXL _2CC |
||
| 999 |
_c24494 _d24494 |
||